000 00609nam a2200193Ia 4500
003 GCL
008 140319s9999 xx 000 0 ara d
040 _aGCL /
_cGCL
082 0 4 _a001.6424
_bا ل
100 1 _aاسامة شعبان
245 1 0 _aلغة الفورتران فور, ج 2 /
_cاسامة شعبان
260 _a[S.N] :
_bدار الراتب الجامعية ،
_c1987
300 _a237 ص
490 _aموسوعة البرمجة الالكترونية
_v0
650 0 4 _aاللغات
650 0 4 _aالحاسبات الالكترونية
650 0 4 _aفورتران
942 _2ddc
_cBK
999 _c47867
_d47867